Alphabet Soup (Shakespeare) Quiz Stats

Quiz Updated Nov 28, 2012

Also try: Alphabet Soup
Challenge
Share
Tweet
Embed
Score 0/60 Timer 03:00
17 Plays Today
% Correct
???
99.6%
???
78.4%
???
77.2%
???
73.7%
???
71.4%
???
68.2%
???
65.1%
???
63.1%
???
62.1%
???
62%
???
61.9%
???
61.5%
???
55.3%
???
53.3%
???
52.3%
???
50.6%
???
48.3%
???
47.8%
???
47.4%
???
47.1%
???
45.6%
???
44.8%
???
43.3%
???
42%
???
41.6%
???
41.2%
???
41%
???
40.1%
???
39.8%
???
39.4%
% Correct
???
38.9%
???
36.6%
???
36%
???
34.8%
???
34%
???
34%
???
33.8%
???
33.7%
???
33.3%
???
33.1%
???
33.1%
???
33.1%
???
32.6%
???
31.6%
???
31.5%
???
31%
???
31%
???
30.9%
???
30.8%
???
29.3%
???
29.1%
???
27.9%
???
27.6%
???
27.1%
???
26.5%
???
26.3%
???
26.2%
???
26%
???
25.1%
???
24.8%

You're not logged in!

Compare scores with friends on all Sporcle quizzes.
Join for Free
OR
Log In

You Might Also Like...

Show Comments

Extras

Top Quizzes Today


Score Distribution

Your Account Isn't Verified!

In order to create a playlist on Sporcle, you need to verify the email address you used during registration. Go to your Sporcle Settings to finish the process.

Report this User

Report this user for behavior that violates our Community Guidelines.

Details: